[Event "BI-2011-P-00029"]
[Site "LSS email"]
[Date "2011.04.17"]
[Round "?"]
[White "Svidersky, Andrej"]
[Black "Bacino, Gustavo"]
[Result "1-0"]
[WhiteElo "2045"]
[BlackElo "2076"]
[PlyCount "109"]
[EventDate "2011.04.20"]
[EventType "tourn (corr)"]
[EventRounds "10"]
[EventCountry "GER"]
[SourceTitle "Telechess CBM 155"]
[Source "ChessBase"]
[SourceDate "2013.07.16"]
[SourceVersion "1"]
[SourceVersionDate "2013.07.16"]
[SourceQuality "1"]

1. d4 d6 2. e4 e5 3. Nf3 exd4 4. Nxd4 Nf6 5. Nc3 Be7 6. Bf4 0-0 7. Qd2 d5 8. Ndb5 c6 9. Nc7 d4 10. Nxa8 dxc3 11. Qxd8 Rxd8 12. bxc3 Nxe4 13. Bd3 Nc5 14. Bxb8 Bf5 15. Bc7 Nxd3+ 16. cxd3 Rxa8 17. 0-0-0 h5 18. Rhe1 Be6 19. Kc2 b5 20. Kb2 a5 21. a3 Ra7 22. Bb6 Ra8 23. d4 Bd6 24. Rd3 Bxh2 25. g3 Bd5 26. Rde3 h4 27. c4 bxc4 28. Re8+ Rxe8 29. Rxe8+ Kh7 30. gxh4 a4 31. Ba5 Kg6 32. Rg8 Bf4 33. Bc3 Bd6 34. Bb4 Bf4 35. Ra8 Kf5 36. Rxa4 Ke4 37. Kc2 g6 38. Bc5 Kf3 39. Ra8 Kxf2 40. a4 f5 41. a5 Be4+ 42. Kc3 Ke2 43. Kxc4 Bd5+ 44. Kb4 Bd2+ 45. Ka4 Bxa5 46. Kxa5 f4 47. Re8+ Kf1 48. Bd6 f3 49. Bg3 Kg1 50. Re5 Kg2 51. Be1 Kf1 52. Kb4 Ba2 53. Kc5 f2 54. Bxf2 Kxf2 55. Kxc6 1-0

[Event "BI-2011-P-00029"]
[Site "LSS email"]
[Date "2011.04.17"]
[Round "?"]
[White "Svidersky, Andrej"]
[Black "Do Amaral, Rogerio Einloft"]
[Result "1/2-1/2"]
[WhiteElo "2045"]
[BlackElo "1887"]
[PlyCount "75"]
[EventDate "2011.04.20"]
[EventType "tourn (corr)"]
[EventRounds "10"]
[EventCountry "GER"]
[SourceTitle "Telechess CBM 155"]
[Source "ChessBase"]
[SourceDate "2013.07.16"]
[SourceVersion "1"]
[SourceVersionDate "2013.07.16"]
[SourceQuality "1"]

1. d4 Nf6 2. c4 e6 3. Nf3 d5 4. g3 dxc4 5. Bg2 Bb4+ 6. Bd2 a5 7. 0-0 0-0 8. Bg5 Nbd7 9. Qc2 h6 10. Bxf6 Qxf6 11. a3 Be7 12. Qxc4 e5 13. Nc3 c6 14. d5 Nb6 15. Qb3 cxd5 16. Nxd5 Nxd5 17. Qxd5 Rd8 18. Qxe5 Bg4 19. Rab1 b6 20. b4 Be6 21. Rfd1 Rxd1+ 22. Rxd1 axb4 23. axb4 Bxb4 24. Qxf6 gxf6 25. Nd4 Rd8 26. e3 Bc5 27. Bf1 f5 28. Bb5 Rd5 29. Ba6 Rd6 30. Kf1 Kg7 31. Rd3 Kf6 32. Ne2 Bd5 33. Nc3 Bc6 34. Ke2 Rxd3 35. Bxd3 Bb4 36. Nb5 Bd5 37. Nd4 Be6 38. Ba6 1/2-1/2

[Event "OP-2011-0-01477"]
[Site "LSS email"]
[Date "2011.04.15"]
[Round "?"]
[White "Janik, Tomasz"]
[Black "Svidersky, Andrej"]
[Result "0-1"]
[WhiteElo "2028"]
[BlackElo "1884"]
[PlyCount "48"]
[EventDate "2011.04.01"]
[EventType "tourn (corr)"]
[EventRounds "4"]
[EventCountry "GER"]
[SourceTitle "Telechess CBM 147"]
[Source "ChessBase"]
[SourceDate "2012.03.16"]
[SourceVersion "1"]
[SourceVersionDate "2012.03.16"]
[SourceQuality "1"]

1. d4 Nf6 2. Nc3 d5 3. e4 Nxe4 4. Nxe4 dxe4 5. f3 e5 6. dxe5 Qxd1+ 7. Kxd1 Bf5 8. Bb5+ c6 9. Bc4 Nd7 10. Bf4 g5 11. Bxg5 Rg8 12. h4 h6 13. Be3 Rxg2 14. Bf1 Rg8 15. f4 Nb6 16. Bxb6 axb6 17. Ne2 e3 18. c3 Rd8+ 19. Ke1 Rd2 20. b3 Be7 21. Nd4 Rg1 22. Nxf5 Rxh1 23. Nxe3 Rdh2 24. Nf5 Rxf1+ 0-1